Países con más lagos de más de 100 km² - Estadísticas

Estadísticas generales
  • Esta prueba ha sido intentada 2.513 veces
    2.488 desde el último reinicio
  • La puntuación promedio es 11 de 13
Estadísticas de respuestas
Lagos País % Correcto
110 Estados Unidos
98%
134 Rusia
98%
325 Canadá
97%
96 China
95%
23 Brasil
90%
13 Argentina
85%
10 India
80%
11 México
79%
29 Australia
76%
29 Suecia
69%
45 Finlandia
68%
28 Kazajistán
60%
11 Mongolia
58%
No se encontraron pruebas coincidentes
Distribución de puntuación
Porcentaje de gente con cada puntuación
Porcentaje por número respondido
Historial de tus puntuaciones
No has intentado esta prueba desde el último reinicio